La teología de la historia de San Buenaventura
Saved in:
| Hovedforfatter: | |
|---|---|
| Format: | Bog |
| Sprog: | spansk |
| Udgivet: |
Madrid
Ediciones Encuentro S. A
2010
|
| Udgivelse: | 2a. ed |
| Serier: | Ensayos, 428
|
| Fag: | |
| Tags: |
Tilføj Tag
Ingen Tags, Vær først til at tagge denne postø!
|
MARC
| LEADER | 00000cam a2200000 a 4500 | ||
|---|---|---|---|
| 001 | UCE9163 | ||
| 003 | CL-VaPUC | ||
| 008 | 151002e20100000sp |||||||||||||||||spa|d | ||
| 020 | |a 9788499200569 | ||
| 082 | 0 | 4 | |a 230 |b RAT |2 21 |
| 100 | |a Ratzinger, Joseph, |c Papa |e autor |9 494399 | ||
| 245 | 1 | 3 | |a La teología de la historia de San Buenaventura |
| 250 | |a 2a. ed | ||
| 300 | |a 239 p | ||
| 942 | |c BK | ||
| 945 | |d 20151002 15:56:00 |a dcastane | ||
| 260 | |a Madrid |b Ediciones Encuentro S. A |c 2010 | ||
| 600 | 0 | 7 | |a SAN BUENAVENTURA |2 CL-VaPUC |9 345665 |
| 650 | 0 | |a Filosofía de la religión |9 256017 | |
| 650 | 0 | |a Teología |9 258766 | |
| 650 | 0 | |a Biografías |9 255210 | |
| 583 | |a last modification |c 20151002 15:56:00 |k Rodrigo Vera | ||
| 490 | 0 | |a Ensayos, 428 | |
| 999 | |c 360854 |d 360852 | ||
| 952 | |0 0 |1 0 |3 erb |4 0 |6 230_000000000000000_RAT_2010 |7 0 |8 A |9 470969 |a BIBTEO |b BIBTEO |i 5202523 |o 230 RAT 2010 |p 5202523 |r 2025-01-17 |w 2019-11-24 |y BK |z Catalogado en:20151002 |k ICR | ||
| 952 | |0 0 |1 0 |3 erb |4 0 |6 230_000000000000000_RAT_2010 |7 0 |8 A |9 470970 |a BIBTEO |b BIBTEO |i 5484030 |l 1 |o 230 RAT 2010 |p 5484030 |r 2025-01-17 |s 2023-08-29 |w 2019-11-24 |y BK |z Catalogado en:20180727 |k ICR | ||